Policy coherence in agricultural and rural development : (Record no. 18461)

000 -LEADER
fixed length control field 00605cam a2200181 a 4500
040 ## - CATALOGING SOURCE
Transcribing agency DLC
082 ## - DEWEY DECIMAL CLASSIFICATION NUMBER
Classification number 338 CDR 2011 C146 Or.
100 1# - MAIN ENTRY--AUTHOR NAME
Personal name Kem, Sothorn.
245 10 - TITLE STATEMENT
Title Policy coherence in agricultural and rural development :
Remainder of title Cambodia /
260 ## - PUBLICATION, DISTRIBUTION, ETC. (IMPRINT)
Place of publication Phnom Penh :
Name of publisher CDRI,
Year of publication 2011.
300 ## - PHYSICAL DESCRIPTION
Number of Pages vii, 68 p. :
Other physical details ill. (some col.) ;
Dimensions 30 cm.
490 1# - SERIES STATEMENT
Series statement CDRI working paper series ;
500 ## - GENERAL NOTE
General note "July 2011."
650 #0 - SUBJECT ADDED ENTRY--TOPICAL TERM
Topical Term Agriculture and state
650 #0 - SUBJECT ADDED ENTRY--TOPICAL TERM
Topical Term Rural development
710 2# - ADDED ENTRY--CORPORATE NAME
Corporate name or jurisdiction name as entry element Vidyāsthān Paṇṭuḥ Paṇṭāl niṅ Srāvjrāv ṭoempī Qabhivaḍḍhn ̊Kambujā.
942 ## - ADDED ENTRY ELEMENTS (KOHA)
Koha item type ADB
952 ## - LOCATION AND ITEM INFORMATION (KOHA)
Withdrawn status [LOCAL, KOHA] 0
Holdings
Source of acquisition Permanent Location Date acquired Koha item type Lost status Shelving location Current Location Full call number
A36998Library Block C2019-12-04សៀវភៅភាសាអង់គ្លេស C146Library Block C338 CDR 2011 C146 Or.
មជ្ឈមណ្ឌលឯការនៃសាកលវិទ្យាល័យភូមិន្ទកសិកម្មចំការដូង

Powered by Koha